000 01020cam a22002054a 4500
005 20250605164223.0
008 250528s ||||||||||||||||||||||||d
035 _a20753
020 _a340844949
040 _aGR-AtMCL
_bgre
_dGR-AtMCL
_eAACR2
245 1 _aPsychology in Practice / Sport
260 _bHodder & Stoughton,
_c2001
300 _a140
520 _aThis book is the definitive series on the practical applications of psychology to areas of everyday life, covering education, health, organizations and work, sport, the environment and crime. Sport covers the application of psychology to the sports environment. Introduction, Personality and Sport, Aggression in Sport, Motivation and Self-Confidence in Sport, Arousal and Anxiety in Sport, Attitudes to Exercise and Sport, Social Influence in Sport, Leadership and Coaching, Attention and Imagery in Sport, References, Index.
700 1 _aCoolican Hugh
_9268
700 1 _aWoods Barbara
_96726
942 _cBK
999 _c5837
_d5837